| 000 | 00471nam a2200181Ia 4500 | ||
|---|---|---|---|
| 005 | 20250326141619.0 | ||
| 008 | 250326s9999 xx 000 0 und d | ||
| 037 | _aTextbook | ||
| 040 |
_aFMSL _beng _cFMSL |
||
| 041 |
_aeng _2eng |
||
| 084 | _qFMSL | ||
| 100 | _aArya P P | ||
| 245 | 0 |
_aHuman resource development _cArya P P; Tandon B B |
|
| 260 |
_aNew Delhi _bNew Delhi, Deep & Deep Pub. _c1991 |
||
| 300 | _a496p | ||
| 942 | _cTB | ||
| 999 |
_c1291146 _d1291146 |
||